| 000 | 00305nam a2200109 4500 | ||
|---|---|---|---|
| 999 |
_c529046 _d529046 |
||
| 082 | _aSNT Z44 Sa82 | ||
| 100 |
_aSatapathy, K.M. _950682 |
||
| 245 |
_aA Handbook of IRDP planning, monitoring and co-ordination _cby K.M. Satapathy |
||
| 260 |
_aBhubaneswar _bSatapathy _c1992 |
||
| 300 | _a139p. | ||
| 942 | _2ddc | ||